Normal view
MARC view
- Systems Analysis
Entry Topical Term
001 - CONTROL NUMBER
- control field: 125519
003 - CONTROL NUMBER IDENTIFIER
- control field: NUST
005 - DATE AND TIME OF LATEST TRANSACTION
- control field: 20240829135822.0
008 - FIXED-LENGTH DATA ELEMENTS
- fixed length control field: 240829|| aca||aabn | a|a d
040 ## - CATALOGING SOURCE
- Original cataloging agency: NUST
- Transcribing agency: NUST
150 ## - HEADING--TOPICAL TERM
- Topical term or geographic name entry element: Systems Analysis
670 ## - SOURCE DATA FOUND
- Source citation: Work cat.: (NUST): Chang, Ni-Bin 25794, Systems Analysis for Sustainable Engineering : , 2011.
